000 00379nam a2200157Ia 4500
008 230917s9999||||xx |||||||||||||| ||und||
040 _e194746
_aMAIN
041 _aEnglish
082 _a361.6 D986U
100 _aDye, Thomas R
245 0 _aUnderstanding public policy
250 _a4th ed.
260 _aNew Jersey
_bprentice-Hall
_c1981
300 _a305 p.
942 _cBK
999 _c220848
_d220848